English Words to Know: W - Statistics

General Stats
  • This quiz has been taken 60 times
  • The average score is 40 of 99
Answer Stats
Answer % Correct
what
98%
when
98%
who
98%
we
93%
where
93%
why
93%
win
93%
war
85%
whom
85%
wear
75%
will
75%
wall
73%
want
73%
water
73%
well
73%
with
65%
which
63%
wind
63%
walk
60%
week
60%
wish
60%
would
60%
wait
58%
weak
58%
wash
55%
wet
55%
wise
55%
wake
53%
wide
53%
winter
53%
word
53%
warm
50%
watch
50%
way
50%
wine
50%
white
48%
work
48%
wave
45%
west
45%
wheel
45%
waste
43%
while
43%
whose
43%
wing
43%
world
43%
worry
43%
wage
40%
wipe
40%
woman
40%
wood
40%
wedding
38%
wire
38%
warn
35%
weather
35%
wild
35%
window
35%
without
35%
whenever
33%
whole
33%
wife
33%
wonder
33%
welcome
30%
winner
30%
weekend
28%
whether
28%
worth
28%
wander
25%
weekly
25%
within
25%
worker
23%
wound
23%
write
23%
wrong
23%
weigh
20%
weight
20%
western
20%
whatever
20%
whisper
20%
working
18%
warning
15%
willing
15%
wisdom
15%
writer
15%
witness
10%
wonderful
10%
wooden
10%
works
10%
wrap
10%
writing
10%
wealth
8%
weapon
8%
withdraw
8%
welfare
5%
worried
5%
wealthy
3%
widely
3%
whereas
0%
widespread
0%
workshop
0%
No matching quizzes found
Score Distribution
Percent of People with Each Score
Percentile by Number Answered
Your Score History
You have not taken this quiz